<?xml version="1.0" encoding="UTF-8"?>
<record
    xmlns:xsi="http://www.w3.org/2001/XMLSchema-instance"
    xsi:schemaLocation="http://www.loc.gov/MARC21/slim http://www.loc.gov/standards/marcxml/schema/MARC21slim.xsd"
    xmlns="http://www.loc.gov/MARC21/slim">

  <leader>00834nam a22001937a 4500</leader>
  <controlfield tag="003">SEM</controlfield>
  <datafield tag="999" ind1=" " ind2=" ">
    <subfield code="c">69361</subfield>
    <subfield code="d">69361</subfield>
  </datafield>
  <controlfield tag="005">20220608074332.0</controlfield>
  <controlfield tag="008">190618b           ||||| |||| 00| 0 arm d</controlfield>
  <datafield tag="040" ind1=" " ind2=" ">
    <subfield code="a">SEM</subfield>
    <subfield code="c">SEM</subfield>
  </datafield>
  <datafield tag="041" ind1=" " ind2=" ">
    <subfield code="a">arm</subfield>
  </datafield>
  <datafield tag="080" ind1=" " ind2=" ">
    <subfield code="a">803.0-5(075)/&#x555;-28</subfield>
  </datafield>
  <datafield tag="100" ind1=" " ind2=" ">
    <subfield code="a">&#x555;&#x569;&#x569;&#x578; &#x537;&#x574;&#x56B;&#x56C;</subfield>
  </datafield>
  <datafield tag="245" ind1=" " ind2=" ">
    <subfield code="a">&#x54F;&#x561;&#x580;&#x565;&#x580;&#x584; &#x584;&#x565;&#x580;&#x561;&#x56F;&#x561;&#x576;&#x578;&#x582;&#x569;&#x565;&#x561;&#x576; &#x563;&#x565;&#x580;&#x574;&#x561;&#x576;&#x567;&#x580;&#x565;&#x576; &#x56C;&#x565;&#x566;&#x578;&#x582;:</subfield>
    <subfield code="b">&#x540;&#x561;&#x576;&#x564;&#x565;&#x580;&#x571; &#x577;&#x561;&#x580;&#x561;&#x564;&#x580;&#x578;&#x582;&#x569;&#x565;&#x561;&#x574;&#x562;&#x584;, &#x568;&#x576;&#x569;&#x565;&#x580;&#x581;&#x578;&#x582;&#x561;&#x56E;&#x578;&#x57E;&#x584; &#x587; &#x56D;&#x585;&#x57D;&#x561;&#x56F;&#x581;&#x578;&#x582;&#x569;&#x565;&#x561;&#x574;&#x562;&#x584;: /</subfield>
    <subfield code="c">&#x537;. &#x555;&#x569;&#x569;&#x578;; &#x531;&#x577;&#x56D;&#x561;&#x57F;&#x561;&#x57D;&#x56B;&#x580;.` &#x540;. &#x54A;. &#x536;&#x561;&#x584;&#x561;&#x580;&#x565;&#x561;&#x576;</subfield>
  </datafield>
  <datafield tag="260" ind1=" " ind2=" ">
    <subfield code="a">&#x54E;&#x56B;&#x565;&#x576;&#x576;&#x561;: </subfield>
    <subfield code="b">&#x57F;&#x57A;. &#x544;&#x56D;&#x56B;&#x569;&#x561;&#x580;&#x565;&#x561;&#x576;,</subfield>
    <subfield code="c">1890.</subfield>
  </datafield>
  <datafield tag="300" ind1=" " ind2=" ">
    <subfield code="a">154 &#x567;&#x57B;; </subfield>
    <subfield code="c">21 &#x57D;&#x574; </subfield>
  </datafield>
  <datafield tag="650" ind1=" " ind2=" ">
    <subfield code="a">&#x533;&#x565;&#x580;&#x574;&#x561;&#x576;&#x565;&#x580;&#x565;&#x576; </subfield>
    <subfield code="x">&#x584;&#x565;&#x580;&#x561;&#x56F;&#x561;&#x576;&#x578;&#x582;&#x569;&#x575;&#x578;&#x582;&#x576; </subfield>
    <subfield code="v">&#x564;&#x561;&#x57D;&#x561;&#x563;&#x56B;&#x580;&#x584;</subfield>
  </datafield>
  <datafield tag="700" ind1=" " ind2=" ">
    <subfield code="a">&#x536;&#x561;&#x584;&#x561;&#x580;&#x565;&#x561;&#x576; &#x54A;&#x585;&#x572;&#x578;&#x57D;</subfield>
    <subfield code="e">&#x561;&#x577;&#x56D;&#x561;&#x57F;&#x561;&#x57D;&#x56B;&#x580;.</subfield>
    <subfield code="q">[&#x536;&#x561;&#x584;&#x561;&#x580;&#x575;&#x561;&#x576; &#x54A;&#x578;&#x572;&#x578;&#x57D;]</subfield>
  </datafield>
  <datafield tag="942" ind1=" " ind2=" ">
    <subfield code="2">udc</subfield>
    <subfield code="c">BK</subfield>
  </datafield>
  <datafield tag="952" ind1=" " ind2=" ">
    <subfield code="0">0</subfield>
    <subfield code="1">0</subfield>
    <subfield code="2">udc</subfield>
    <subfield code="4">0</subfield>
    <subfield code="7">0</subfield>
    <subfield code="8">&#x533;&#x580;&#x561;&#x57A;&#x561;&#x570;&#x578;&#x581;</subfield>
    <subfield code="a">SEM</subfield>
    <subfield code="b">SEM</subfield>
    <subfield code="d">2019-06-18</subfield>
    <subfield code="g">3000.00</subfield>
    <subfield code="i">27707</subfield>
    <subfield code="l">0</subfield>
    <subfield code="o">803.0-5(075)/&#x555;-28</subfield>
    <subfield code="p">27707</subfield>
    <subfield code="r">2019-06-18</subfield>
    <subfield code="w">2019-06-18</subfield>
    <subfield code="y">BK</subfield>
    <subfield code="z">&#x54D;&#x57A;&#x561;&#x57D;&#x561;&#x580;&#x56F;&#x57E;&#x578;&#x582;&#x574; &#x567; &#x568;&#x576;&#x569;&#x565;&#x580;&#x581;&#x561;&#x57D;&#x580;&#x561;&#x570;</subfield>
  </datafield>
</record>
